000 01007nam a2200265Ia 4500
003 OSt
005 20221005104638.0
006 a|||||r|||| 00| 0
007 ta
008 221004b |||||||| |||| 00| 0 hin d
020 _a9789382695318 (hbk)
_cINR 350.00
024 _a37719
037 _b388, 12/03/2018, Eastern Book Linkers
_cTextual
040 _aCRL
_cCRL
_bhin
041 _2hin
_ahin
082 _aY72v, 152Q6
100 _aअश्विनी कुमार पंकज, ले.
245 0 _aमरङ गोमके जयपाल सिंह मुंडा
246 _aMaran gomake jayapāl sianha muanḍā
260 _aदिल्ली
_bविकल्प प्रकाशन भारत
_c2016
300 _a165पृ0
_ccm.
650 _aआदिवासी समाज
942 _hY72v, 152Q6
_cTEXL
_2cc
999 _c1013359
_d1013359